[Event "Clare Benedict Cup 22nd"]
[Site "Copenhagen"]
[Date "1977.??.??"]
[Round "1.4"]
[White "Hamann, Svend"]
[Black "Hoen, Ragnar Harald"]
[Result "1-0"]
[WhiteElo "2465"]
[BlackElo "2380"]
[PlyCount "81"]
[EventDate "1977.02.13"]
[EventType "team-tourn"]
[EventRounds "7"]
[EventCountry "DEN"]
[SourceTitle "EXT 2002"]
[Source "ChessBase"]
[SourceDate "2001.11.25"]
[SourceVersion "1"]
[SourceVersionDate "2001.11.25"]
[SourceQuality "1"]
[WhiteTeam "Danmark"]
[BlackTeam "Norge"]
[WhiteTeamCountry "DEN"]
[BlackTeamCountry "NOR"]

1. d4 Nf6 2. c4 e6 3. Nf3 d5 4. Nc3 Be7 5. Bf4 O-O 6. e3 c6 7. Bd3 dxc4 8. Bxc4
Nbd7 9. O-O Nh5 10. Be5 Nhf6 11. Bf4 Nh5 12. Qe2 Nxf4 13. exf4 Nf6 14. Rfd1 g6
15. Ne5 Qd6 16. Qf3 Bd7 17. g4 Rad8 18. Bb3 Bc8 19. a3 Nd5 20. Ne4 Qc7 21. Ng3
f6 22. Nd3 Bd6 23. Ne2 g5 24. f5 Bxh2+ 25. Kg2 exf5 26. gxf5 Kh8 27. Nc5 g4 28.
Qd3 Rfe8 29. Ne6 Bxe6 30. fxe6 Rxe6 31. Bxd5 Rxd5 32. Rh1 Bd6 33. Nc3 Rg5 34.
Ne4 Rg7 35. d5 cxd5 36. Qxd5 Re5 37. Qxd6 Qxd6 38. Nxd6 Rd5 39. Rad1 Rxd1 40.
Rxd1 Rd7 41. Kg3 1-0

[Event "Clare Benedict Cup 22nd"]
[Site "Copenhagen"]
[Date "1977.??.??"]
[Round "1.4"]
[White "Helmers, Knut Jaran"]
[Black "Rath, Ulrik"]
[Result "1/2-1/2"]
[WhiteElo "2305"]
[BlackElo "2420"]
[PlyCount "97"]
[EventDate "1977.02.13"]
[EventType "team-tourn"]
[EventRounds "7"]
[EventCountry "DEN"]
[SourceTitle "EXT 2002"]
[Source "ChessBase"]
[SourceDate "2001.11.25"]
[SourceVersion "1"]
[SourceVersionDate "2001.11.25"]
[SourceQuality "1"]
[WhiteTeam "Norge"]
[BlackTeam "Danmark"]
[WhiteTeamCountry "NOR"]
[BlackTeamCountry "DEN"]

1. Nf3 Nf6 2. c4 c6 3. Nc3 d5 4. d4 dxc4 5. a4 Na6 6. e3 Bg4 7. Bxc4 e6 8. h3
Bh5 9. O-O Be7 10. Qe2 Nb4 11. Rd1 O-O 12. Bb3 c5 13. dxc5 Qc8 14. e4 Bxc5 15.
Be3 Bxe3 16. Qxe3 Rd8 17. Rxd8+ Qxd8 18. Ne5 Nc6 19. Nxc6 bxc6 20. Bc4 Qa5 21.
f4 Re8 22. Kh1 h6 23. g4 Bg6 24. Rd1 Bh7 25. Qf3 Kf8 26. Bf1 Qb4 27. Bg2 Qxb2
28. g5 Ng8 29. Rd7 Re7 30. Rd8+ Re8 31. Rd7 a5 32. h4 Rb8 33. Qe3 Qb6 34. Qxb6
Rxb6 35. Rd8+ Ke7 36. Ra8 Rb3 37. Ne2 Rb4 38. Ra7+ Ke8 39. Rxa5 Ne7 40. Ra8+
Kd7 41. Ra7+ Ke8 42. Ra8+ Kd7 43. Ra7+ Kd8 44. Ng3 c5 45. Kg1 c4 46. Ne2 Rb1+
47. Kf2 Rb2 48. Ke3 Rb3+ 49. Kd2 1/2-1/2

[Event "Clare Benedict Cup 22nd"]
[Site "Copenhagen"]
[Date "1977.??.??"]
[Round "1.4"]
[White "Ogaard, Leif"]
[Black "Larsen, Bent"]
[Result "0-1"]
[WhiteElo "2420"]
[BlackElo "2615"]
[PlyCount "64"]
[EventDate "1977.02.13"]
[EventType "team-tourn"]
[EventRounds "7"]
[EventCountry "DEN"]
[SourceTitle "EXT 2002"]
[Source "ChessBase"]
[SourceDate "2001.11.25"]
[SourceVersion "1"]
[SourceVersionDate "2001.11.25"]
[SourceQuality "1"]
[WhiteTeam "Norge"]
[BlackTeam "Danmark"]
[WhiteTeamCountry "NOR"]
[BlackTeamCountry "DEN"]

1. d4 d6 2. e4 g6 3. c4 Bg7 4. Nc3 Nf6 5. Be2 O-O 6. Nf3 Nbd7 7. O-O e5 8. Re1
a5 9. Bf1 Re8 10. Rb1 exd4 11. Nxd4 Nc5 12. f3 c6 13. Be3 a4 14. Qd2 Nfd7 15.
b4 axb3 16. axb3 Ne5 17. h3 Ra3 18. Qc1 Ra8 19. Qc2 Na6 20. Qd2 Nb4 21. Na4 Qa5
22. Nb5 cxb5 23. Bb6 Nxc4 24. Bxc4 Qa6 25. Bf1 Nc6 26. Qxd6 Be6 27. Bf2 Rad8
28. Qc5 Nd4 29. e5 Bf8 30. Qc3 Qc6 31. Bxd4 bxa4 32. Bc4 Rxd4 0-1

[Event "Clare Benedict Cup 22nd"]
[Site "Copenhagen"]
[Date "1977.??.??"]
[Round "1.1"]
[White "Andersson, Ulf"]
[Black "Keene, Raymond"]
[Result "1-0"]
[WhiteElo "2565"]
[BlackElo "2510"]
[PlyCount "81"]
[EventDate "1977.02.13"]
[EventType "team-tourn"]
[EventRounds "7"]
[EventCountry "DEN"]
[SourceTitle "EXT 2002"]
[Source "ChessBase"]
[SourceDate "2001.11.25"]
[SourceVersion "1"]
[SourceVersionDate "2001.11.25"]
[SourceQuality "1"]
[WhiteTeam "Sverige"]
[BlackTeam "England"]
[WhiteTeamCountry "SWE"]
[BlackTeamCountry "ENG"]

1. c4 b6 2. Nf3 Bb7 3. g3 c5 4. Bg2 g6 5. Nc3 Bg7 6. b3 Nc6 7. O-O Nh6 8. Bb2
O-O 9. e3 d5 10. cxd5 Nb4 11. d4 Ba6 12. Ne2 Nxd5 13. Qd2 Nb4 14. Ba3 Nd3 15.
Rad1 Rc8 16. Ne1 Nxe1 17. Rfxe1 Bxe2 18. Qxe2 cxd4 19. exd4 Nf5 20. Bxe7 Nxe7
21. Qxe7 Rc2 22. d5 Rxa2 23. d6 Bf6 24. Qb7 Qc8 25. Qxc8 Rxc8 26. d7 Rd8 27.
Re8+ Kg7 28. Bh3 Rb2 29. Rd6 Rxb3 30. Rxf6 Rxd7 31. Rxg6+ hxg6 32. Bxd7 a5 33.
Rb8 Kf6 34. Rb7 Ke5 35. Be8 f5 36. h4 f4 37. gxf4+ Kxf4 38. Kg2 Kg4 39. Rh7 Rb2
40. Bxg6 a4 41. Ra7 1-0

[Event "Clare Benedict Cup 22nd"]
[Site "Copenhagen"]
[Date "1977.??.??"]
[Round "1.1"]
[White "Hartston, William Roland"]
[Black "Wahlbom, Magnus"]
[Result "1-0"]
[WhiteElo "2475"]
[BlackElo "2375"]
[PlyCount "57"]
[EventDate "1977.02.13"]
[EventType "team-tourn"]
[EventRounds "7"]
[EventCountry "DEN"]
[SourceTitle "EXT 2002"]
[Source "ChessBase"]
[SourceDate "2001.11.25"]
[SourceVersion "1"]
[SourceVersionDate "2001.11.25"]
[SourceQuality "1"]
[WhiteTeam "England"]
[BlackTeam "Sverige"]
[WhiteTeamCountry "ENG"]
[BlackTeamCountry "SWE"]

1. d4 Nf6 2. c4 c5 3. d5 e6 4. Nc3 exd5 5. cxd5 d6 6. Nf3 g6 7. e4 Bg7 8. Bg5
h6 9. Bh4 g5 10. Bg3 Nh5 11. Bb5+ Kf8 12. e5 g4 13. O-O dxe5 14. Bh4 Bf6 15.
Bxf6 Qxf6 16. Nd2 Qg6 17. Qe2 f6 18. Nde4 b6 19. Nd6 Nf4 20. Qe3 Bd7 21. Bc4
Rh7 22. g3 Nh3+ 23. Kh1 Re7 24. f3 Kg7 25. fxg4 Bxg4 26. Be2 Bd7 27. g4 Ng5 28.
h4 Nf7 29. Nde4 1-0

[Event "Clare Benedict Cup 22nd"]
[Site "Copenhagen"]
[Date "1977.??.??"]
[Round "1.1"]
[White "Jansson, Borje"]
[Black "Stean, Michael"]
[Result "0-1"]
[WhiteElo "2380"]
[BlackElo "2485"]
[PlyCount "112"]
[EventDate "1977.02.13"]
[EventType "team-tourn"]
[EventRounds "7"]
[EventCountry "DEN"]
[SourceTitle "EXT 2002"]
[Source "ChessBase"]
[SourceDate "2001.11.25"]
[SourceVersion "1"]
[SourceVersionDate "2001.11.25"]
[SourceQuality "1"]
[WhiteTeam "Sverige"]
[BlackTeam "England"]
[WhiteTeamCountry "SWE"]
[BlackTeamCountry "ENG"]

1. Nf3 Nf6 2. c4 b6 3. g3 Bb7 4. Bg2 c5 5. O-O e6 6. b3 Be7 7. Bb2 O-O 8. e3 a6
9. Qe2 d6 10. Nc3 Nbd7 11. Rfd1 Re8 12. d4 Qc7 13. Rac1 Rac8 14. e4 Bf8 15. h3
Qb8 16. dxc5 bxc5 17. Qc2 Qa8 18. Re1 Nb8 19. Nd2 Nc6 20. Na4 Nd7 21. Nf3 Rcd8
22. Qb1 Nde5 23. Rcd1 Nxf3+ 24. Bxf3 Ne5 25. Bh1 Nd7 26. Kh2 Bc6 27. Nc3 Rb8
28. Qc2 Rb6 29. Ba1 Reb8 30. Rb1 Qb7 31. Rbd1 Qc7 32. f4 Re8 33. Bg2 Rbb8 34.
Re3 Nb6 35. Red3 Be7 36. Qe2 Nc8 37. Qg4 Bf8 38. e5 Bxg2 39. Kxg2 dxe5 40. fxe5
Ne7 41. Ne4 Red8 42. Nf6+ Kh8 43. Nd7 Rbc8 44. Nxc5 Rxd3 45. Nxd3 Nf5 46. Qe4
Qa5 47. Qe2 h6 48. Nf2 Qb6 49. Rd3 a5 50. Ne4 a4 51. g4 Nh4+ 52. Kg3 Qg1+ 53.
Kxh4 Be7+ 54. Kh5 Qxa1 55. Nd6 Kh7 56. g5 Qg1 0-1

[Event "Clare Benedict Cup 22nd"]
[Site "Copenhagen"]
[Date "1977.??.??"]
[Round "1.1"]
[White "Webb, Simon"]
[Black "Schussler, Harry"]
[Result "0-1"]
[WhiteElo "2430"]
[BlackElo "2360"]
[PlyCount "32"]
[EventDate "1977.02.13"]
[EventType "team-tourn"]
[EventRounds "7"]
[EventCountry "DEN"]
[SourceTitle "EXT 2002"]
[Source "ChessBase"]
[SourceDate "2001.11.25"]
[SourceVersion "1"]
[SourceVersionDate "2001.11.25"]
[SourceQuality "1"]
[WhiteTeam "England"]
[BlackTeam "Sverige"]
[WhiteTeamCountry "ENG"]
[BlackTeamCountry "SWE"]

1. Nf3 g6 2. e4 Bg7 3. d4 d6 4. Be2 Nf6 5. Nc3 O-O 6. O-O Nbd7 7. e5 Ne8 8. Bf4
c5 9. exd6 Nxd6 10. Qd2 cxd4 11. Nxd4 Nb6 12. Ndb5 Nxb5 13. Bxb5 Qxd2 14. Bxd2
Rd8 15. Bg5 Bxc3 16. bxc3 Rd5 0-1

[Event "Clare Benedict Cup 22nd"]
[Site "Copenhagen"]
[Date "1977.??.??"]
[Round "1.3"]
[White "Roth, Peter"]
[Black "Bichsel, Walter"]
[Result "1-0"]
[WhiteElo "2290"]
[BlackElo "2265"]
[PlyCount "49"]
[EventDate "1977.02.13"]
[EventType "team-tourn"]
[EventRounds "7"]
[EventCountry "DEN"]
[SourceTitle "EXT 2002"]
[Source "ChessBase"]
[SourceDate "2001.11.25"]
[SourceVersion "1"]
[SourceVersionDate "2001.11.25"]
[SourceQuality "1"]
[WhiteTeam "strig"]
[BlackTeam "Schweiz"]
[WhiteTeamCountry "AUT"]
[BlackTeamCountry "SUI"]

1. e4 c5 2. Nf3 d6 3. d4 cxd4 4. Nxd4 Nf6 5. Nc3 g6 6. Be3 Bg7 7. f3 O-O 8. Qd2
Nc6 9. O-O-O Nxd4 10. Bxd4 Be6 11. Kb1 Qc7 12. h4 Rfc8 13. h5 Nxh5 14. Bxg7
Kxg7 15. g4 Nf6 16. Bd3 Rh8 17. Qh6+ Kg8 18. g5 Nh5 19. Rxh5 gxh5 20. f4 Qc5
21. f5 Qe5 22. f6 exf6 23. gxf6 Qg3 24. e5 Qg4 25. Ne2 1-0

[Event "Clare Benedict Cup 22nd"]
[Site "Copenhagen"]
[Date "1977.??.??"]
[Round "1.3"]
[White "Schauwecker, Meinrad"]
[Black "Stoppel, Franz"]
[Result "1/2-1/2"]
[WhiteElo "2340"]
[BlackElo "2335"]
[PlyCount "119"]
[EventDate "1977.02.13"]
[EventType "team-tourn"]
[EventRounds "7"]
[EventCountry "DEN"]
[SourceTitle "EXT 2002"]
[Source "ChessBase"]
[SourceDate "2001.11.25"]
[SourceVersion "1"]
[SourceVersionDate "2001.11.25"]
[SourceQuality "1"]
[WhiteTeam "Schweiz"]
[BlackTeam "strig"]
[WhiteTeamCountry "SUI"]
[BlackTeamCountry "AUT"]

1. d4 e6 2. c4 f5 3. Nf3 Nf6 4. Nc3 d5 5. Bg5 c6 6. e3 Be7 7. Bd3 O-O 8. Qc2
Bd7 9. O-O Be8 10. Rac1 Ne4 11. Bxe7 Qxe7 12. Ne5 Nd7 13. Nxd7 Bxd7 14. Ne2
Rad8 15. a3 g5 16. f4 h6 17. b4 Kg7 18. Bxe4 fxe4 19. Rf2 a5 20. Qb3 axb4 21.
axb4 Ra8 22. Rcf1 Qd6 23. c5 Qe7 24. fxg5 hxg5 25. Rxf8 Rxf8 26. Rxf8 Qxf8 27.
Qa3 Qb8 28. Qa5 Kf7 29. Ng3 Ke7 30. Nh1 e5 31. Qa1 b6 32. cxb6 Qxb6 33. Qa5
Qxa5 34. bxa5 Bc8 35. Kf2 Kd6 36. Ke2 c5 37. dxe5+ Kxe5 38. Kd2 d4 39. Nf2 c4
40. exd4+ Kxd4 41. Nd1 Bb7 42. h3 Bc8 43. g3 Bxh3 44. a6 Bc8 45. a7 Bb7 46. Nc3
e3+ 47. Kc2 Kc5 48. Ne2 Kb4 49. Nc3 g4 50. Ne2 Be4+ 51. Kb2 Bf3 52. Kc2 Kc5 53.
Ng1 Ba8 54. Kc3 Kd5 55. Ne2 Bb7 56. Nd4 Kc5 57. Nc2 e2 58. Kd2 Kd5 59. Kxe2 Kc5
60. Ne3 1/2-1/2

[Event "Clare Benedict Cup 22nd"]
[Site "Copenhagen"]
[Date "1977.??.??"]
[Round "1.3"]
[White "Wirthensohn, Heinz"]
[Black "Janetschek, Karl"]
[Result "1/2-1/2"]
[WhiteElo "2390"]
[BlackElo "2335"]
[PlyCount "68"]
[EventDate "1977.02.13"]
[EventType "team-tourn"]
[EventRounds "7"]
[EventCountry "DEN"]
[SourceTitle "EXT 2002"]
[Source "ChessBase"]
[SourceDate "2001.11.25"]
[SourceVersion "1"]
[SourceVersionDate "2001.11.25"]
[SourceQuality "1"]
[WhiteTeam "Schweiz"]
[BlackTeam "strig"]
[WhiteTeamCountry "SUI"]
[BlackTeamCountry "AUT"]

1. c4 Nf6 2. Nc3 d5 3. cxd5 Nxd5 4. g3 c5 5. Bg2 Nc7 6. d3 e5 7. Nh3 Be7 8. f4
Nc6 9. O-O exf4 10. Nxf4 O-O 11. Kh1 Bg4 12. Be3 Nd4 13. Qd2 Rb8 14. Bg1 Bd7
15. Rad1 Bc6 16. e3 Bxg2+ 17. Qxg2 Ndb5 18. Nxb5 Nxb5 19. a4 Nc7 20. d4 Qd7 21.
b3 cxd4 22. exd4 b5 23. d5 Bd6 24. a5 a6 25. Nd3 b4 26. Nc5 Qd8 27. Qe2 Rb5 28.
Nxa6 Rxa5 29. Nxc7 Qxc7 30. Qf3 Ra2 31. Bd4 Qd7 32. Ra1 Rd2 33. Rad1 Ra2 34.
Ra1 Rd2 1/2-1/2

[Event "Clare Benedict Cup 22nd"]
[Site "Copenhagen"]
[Date "1977.??.??"]
[Round "1.2"]
[White "Clemens, Christian"]
[Black "Sanz Alonso, Francisco Javier"]
[Result "1/2-1/2"]
[WhiteElo "2350"]
[BlackElo "2350"]
[PlyCount "98"]
[EventDate "1977.02.13"]
[EventType "team-tourn"]
[EventRounds "7"]
[EventCountry "DEN"]
[SourceTitle "EXT 2002"]
[Source "ChessBase"]
[SourceDate "2001.11.25"]
[SourceVersion "1"]
[SourceVersionDate "2001.11.25"]
[SourceQuality "1"]
[WhiteTeam "Vesttyskland"]
[BlackTeam "Spanien"]
[WhiteTeamCountry "GER"]
[BlackTeamCountry "ESP"]

1. g3 c5 2. Bg2 Nf6 3. c4 d5 4. cxd5 Nxd5 5. Nc3 Nc7 6. f4 g6 7. b3 Bg7 8. Bb2
O-O 9. Nf3 Nc6 10. O-O b6 11. Qc1 Rb8 12. Ne4 Nd4 13. Nxd4 cxd4 14. Nf2 Ba6 15.
Nd3 Nd5 16. Qe1 Rc8 17. Rc1 Qd6 18. a3 Nf6 19. Rxc8 Rxc8 20. Qd1 Nd7 21. Kh1
Bb5 22. a4 Bc6 23. Bxc6 Qxc6+ 24. Kg1 Nc5 25. Ba3 Nxd3 26. exd3 e6 27. Qb1 Qb7
28. Rc1 Rxc1+ 29. Qxc1 h5 30. Qd1 Qd5 31. Kf2 Bh6 32. Kg1 a5 33. Kf2 h4 34. Qf3
Qxb3 35. Qa8+ Kh7 36. Qb8 e5 37. Bd6 hxg3+ 38. hxg3 exf4 39. Bxf4 Bg7 40. Qd8
Qxd3 41. Qh4+ Kg8 42. Qd8+ Bf8 43. Qxb6 Qf5 44. Qd8 d3 45. Ke3 Qc5+ 46. Kxd3
Qa3+ 47. Ke2 Qxa4 48. Bh6 Qb5+ 49. Ke1 Qb1+ 1/2-1/2

[Event "Clare Benedict Cup 22nd"]
[Site "Copenhagen"]
[Date "1977.??.??"]
[Round "1.2"]
[White "Lehmann, Heinz"]
[Black "Calvo Minguez, Ricardo"]
[Result "1/2-1/2"]
[WhiteElo "2465"]
[BlackElo "2420"]
[PlyCount "36"]
[EventDate "1977.02.13"]
[EventType "team-tourn"]
[EventRounds "7"]
[EventCountry "DEN"]
[SourceTitle "EXT 2002"]
[Source "ChessBase"]
[SourceDate "2001.11.25"]
[SourceVersion "1"]
[SourceVersionDate "2001.11.25"]
[SourceQuality "1"]
[WhiteTeam "Vesttyskland"]
[BlackTeam "Spanien"]
[WhiteTeamCountry "GER"]
[BlackTeamCountry "ESP"]

1. Nf3 d5 2. c4 d4 3. g3 Nc6 4. Bg2 e5 5. O-O f6 6. d3 Nge7 7. Na3 Bg4 8. Nc2
Qd7 9. b4 Bh3 10. b5 Nd8 11. e3 Bxg2 12. Kxg2 dxe3 13. Bxe3 Nf5 14. d4 Nf7 15.
dxe5 Qxd1 16. Raxd1 fxe5 17. Rfe1 Bd6 18. Bc1 O-O-O 1/2-1/2

[Event "Clare Benedict Cup 22nd"]
[Site "Copenhagen"]
[Date "1977.??.??"]
[Round "1.2"]
[White "Pomar Salamanca, Arturo"]
[Black "Borngaesser, Rene"]
[Result "1/2-1/2"]
[WhiteElo "2435"]
[BlackElo "2365"]
[PlyCount "39"]
[EventDate "1977.02.13"]
[EventType "team-tourn"]
[EventRounds "7"]
[EventCountry "DEN"]
[SourceTitle "EXT 2002"]
[Source "ChessBase"]
[SourceDate "2001.11.25"]
[SourceVersion "1"]
[SourceVersionDate "2001.11.25"]
[SourceQuality "1"]
[WhiteTeam "Spanien"]
[BlackTeam "Vesttyskland"]
[WhiteTeamCountry "ESP"]
[BlackTeamCountry "GER"]

1. c4 f5 2. Nc3 Nf6 3. g3 g6 4. Bg2 Bg7 5. Nf3 d6 6. d4 c6 7. O-O O-O 8. b4 e5
9. dxe5 dxe5 10. Bb2 Qe7 11. Qb3 e4 12. Nd4 Be6 13. Nxe6 Qxe6 14. e3 Ng4 15.
Na4 Bxb2 16. Nxb2 Rd8 17. Rfd1 Nd7 18. Rd2 Nde5 19. Rad1 Nf7 20. Qc3 1/2-1/2

[Event "Clare Benedict Cup 22nd"]
[Site "Copenhagen"]
[Date "1977.??.??"]
[Round "2.1"]
[White "Sloth, Jorn"]
[Black "Schauwecker, Meinrad"]
[Result "1/2-1/2"]
[WhiteElo "2395"]
[BlackElo "2340"]
[PlyCount "146"]
[EventDate "1977.02.13"]
[EventType "team-tourn"]
[EventRounds "7"]
[EventCountry "DEN"]
[SourceTitle "EXT 2002"]
[Source "ChessBase"]
[SourceDate "2001.11.25"]
[SourceVersion "1"]
[SourceVersionDate "2001.11.25"]
[SourceQuality "1"]
[WhiteTeam "Danmark"]
[BlackTeam "Schweiz"]
[WhiteTeamCountry "DEN"]
[BlackTeamCountry "SUI"]

1. Nf3 Nf6 2. g3 b5 3. Bg2 Bb7 4. O-O e6 5. d3 Be7 6. e4 O-O 7. e5 Ne8 8. Nc3
b4 9. Ne4 d6 10. Re1 Nd7 11. d4 Bxe4 12. Rxe4 d5 13. Re2 c5 14. dxc5 Nxc5 15.
Nd4 Rc8 16. a3 bxa3 17. Rxa3 Qb6 18. Ra2 Nc7 19. Be3 Qb7 20. Rxa7 Qxa7 21. Nc6
Qb6 22. Nxe7+ Kh8 23. Nxc8 Rxc8 24. Qd4 Qa6 25. Bf1 Nd7 26. Rd2 Qc6 27. Bd3 Ra8
28. Qh4 Nf8 29. Rd1 Kg8 30. Qb4 Nd7 31. f4 Rb8 32. Qd4 Nb5 33. Qa4 Nc5 34. Bxc5
Qxc5+ 35. Kg2 g6 36. Qa5 Qc6 37. Qe1 Nd4 38. Qc3 Qb6 39. b3 Nb5 40. Qb4 Qc6 41.
Ra1 Rb6 42. Ra5 Nc7 43. Qc5 Qb7 44. Kf3 Rc6 45. Ra7 Qb8 46. Qxc6 Qxa7 47. b4 h5
48. Kg2 Kg7 49. h4 Na8 50. Qc5 Qb8 51. Qb5 Qa7 52. Qc5 Qb8 53. Kf2 Nb6 54. Kg2
Qa7 55. Qa5 Qb8 56. Kf1 Qc7 57. Ke2 Qb7 58. Qc5 Na4 59. Qd4 Nb6 60. Ke3 Nd7 61.
Kf3 Qb8 62. g4 hxg4+ 63. Kxg4 Kh6 64. Kh3 Qc7 65. Qg1 Qb7 66. h5 d4 67. Qg5+
Kg7 68. Kh2 Qxb4 69. hxg6 Qd2+ 70. Kh3 Qe3+ 71. Qg3 Qxg3+ 72. Kxg3 fxg6 73. Kg4
Kh6 1/2-1/2

[Event "Clare Benedict Cup 22nd"]
[Site "Copenhagen"]
[Date "1977.??.??"]
[Round "2.4"]
[White "Keene, Raymond"]
[Black "Janetschek, Karl"]
[Result "1/2-1/2"]
[WhiteElo "2510"]
[BlackElo "2335"]
[PlyCount "89"]
[EventDate "1977.02.13"]
[EventType "team-tourn"]
[EventRounds "7"]
[EventCountry "DEN"]
[SourceTitle "EXT 2002"]
[Source "ChessBase"]
[SourceDate "2001.11.25"]
[SourceVersion "1"]
[SourceVersionDate "2001.11.25"]
[SourceQuality "1"]
[WhiteTeam "England"]
[BlackTeam "strig"]
[WhiteTeamCountry "ENG"]
[BlackTeamCountry "AUT"]

1. c4 e5 2. Nc3 Nf6 3. Nf3 Nc6 4. e3 Bb4 5. Qc2 Bxc3 6. Qxc3 Qe7 7. a3 a5 8. b4
d5 9. cxd5 Nxd5 10. Qb3 Nb6 11. b5 a4 12. Qc2 Na5 13. Bb2 Nb3 14. Rd1 f6 15.
Bd3 Be6 16. Be2 Bd5 17. O-O O-O-O 18. d3 g5 19. Nd2 h5 20. Qc3 Kb8 21. Nxb3
Bxb3 22. Rc1 Rd5 23. Qa5 Qd7 24. d4 e4 25. Rc5 g4 26. Rfc1 Rc8 27. Qe1 Qe7 28.
Bd1 Bxd1 29. Qxd1 Qd6 30. Rxd5 Qxd5 31. Rc5 Qb3 32. Qxb3 axb3 33. Rc3 c6 34.
Rxb3 cxb5 35. h3 Rc2 36. d5 Nc4 37. Bc3 f5 38. Bb4 h4 39. Rb1 g3 40. fxg3 hxg3
41. Re1 Kc7 42. h4 Ne5 43. Rd1 Ng4 44. Re1 Ne5 45. Rd1 1/2-1/2

[Event "Clare Benedict Cup 22nd"]
[Site "Copenhagen"]
[Date "1977.??.??"]
[Round "2.4"]
[White "Roth, Peter"]
[Black "Rumens, David E"]
[Result "1/2-1/2"]
[WhiteElo "2290"]
[BlackElo "2270"]
[PlyCount "71"]
[EventDate "1977.02.13"]
[EventType "team-tourn"]
[EventRounds "7"]
[EventCountry "DEN"]
[SourceTitle "EXT 2002"]
[Source "ChessBase"]
[SourceDate "2001.11.25"]
[SourceVersion "1"]
[SourceVersionDate "2001.11.25"]
[SourceQuality "1"]
[WhiteTeam "strig"]
[BlackTeam "England"]
[WhiteTeamCountry "AUT"]
[BlackTeamCountry "ENG"]

1. e4 e5 2. Nf3 Nc6 3. Nc3 Nf6 4. d4 exd4 5. Nd5 Be7 6. Nxd4 Nxd5 7. exd5 Nxd4
8. Qxd4 O-O 9. Be2 d6 10. O-O Bf5 11. c3 Bf6 12. Qb4 Re8 13. Bf3 Bd3 14. Rd1 a5
15. Qg4 Bc2 16. Rf1 a4 17. Be3 Be5 18. Rac1 f5 19. Qh3 Be4 20. Bxe4 fxe4 21. f4
Bf6 22. Rc2 Ra5 23. c4 c6 24. dxc6 bxc6 25. g4 Qd7 26. Qg2 a3 27. b3 d5 28. Rd1
Qf7 29. Qd2 Rea8 30. g5 Bb2 31. b4 Ra4 32. cxd5 cxd5 33. Bd4 Qf5 34. Bxb2 Qg4+
35. Kh1 Qf3+ 36. Kg1 1/2-1/2

[Event "Clare Benedict Cup 22nd"]
[Site "Copenhagen"]
[Date "1977.??.??"]
[Round "2.4"]
[White "Stean, Michael"]
[Black "Stoppel, Franz"]
[Result "1-0"]
[WhiteElo "2485"]
[BlackElo "2335"]
[PlyCount "101"]
[EventDate "1977.02.13"]
[EventType "team-tourn"]
[EventRounds "7"]
[EventCountry "DEN"]
[SourceTitle "EXT 2002"]
[Source "ChessBase"]
[SourceDate "2001.11.25"]
[SourceVersion "1"]
[SourceVersionDate "2001.11.25"]
[SourceQuality "1"]
[WhiteTeam "England"]
[BlackTeam "strig"]
[WhiteTeamCountry "ENG"]
[BlackTeamCountry "AUT"]

1. c4 Nf6 2. Nf3 g6 3. g3 Bg7 4. Bg2 O-O 5. O-O d6 6. Nc3 e5 7. d3 c5 8. Rb1
Nc6 9. Bg5 h6 10. Bxf6 Bxf6 11. Nd2 Be6 12. Nd5 Bxd5 13. cxd5 Nb8 14. b4 cxb4
15. Rxb4 b6 16. Qa4 Nd7 17. Rfb1 Nc5 18. Qd1 Rc8 19. Nc4 Qd7 20. Rb5 Nb7 21. a4
Rc5 22. Qb3 Rfc8 23. h4 Bd8 24. Kh2 Rxb5 25. Qxb5 Qxb5 26. axb5 Bc7 27. Bh3 Rd8
28. h5 Nc5 29. Ne3 Ra8 30. hxg6 fxg6 31. Nc2 a5 32. bxa6 Rxa6 33. d4 exd4 34.
Nxd4 Kf7 35. Nb5 Bb8 36. Rb4 Ra4 37. Rxa4 Nxa4 38. Kg2 Ke7 39. f4 Nc5 40. Kf3
h5 41. Ke3 Kf6 42. Bg2 g5 43. Bf3 Kg6 44. Kd4 h4 45. gxh4 gxf4 46. Kc4 Nd7 47.
Nd4 b5+ 48. Nxb5 Ne5+ 49. Kb4 Nxf3 50. exf3 Kh5 51. Kc4 1-0

[Event "Clare Benedict Cup 22nd"]
[Site "Copenhagen"]
[Date "1977.??.??"]
[Round "2.4"]
[White "Wittmann, Walter"]
[Black "Hartston, William Roland"]
[Result "1/2-1/2"]
[WhiteElo "2340"]
[BlackElo "2475"]
[PlyCount "118"]
[EventDate "1977.02.13"]
[EventType "team-tourn"]
[EventRounds "7"]
[EventCountry "DEN"]
[SourceTitle "EXT 2002"]
[Source "ChessBase"]
[SourceDate "2001.11.25"]
[SourceVersion "1"]
[SourceVersionDate "2001.11.25"]
[SourceQuality "1"]
[WhiteTeam "strig"]
[BlackTeam "England"]
[WhiteTeamCountry "AUT"]
[BlackTeamCountry "ENG"]

1. e4 c5 2. Nf3 e6 3. d4 cxd4 4. Nxd4 Nc6 5. Nc3 a6 6. g3 d6 7. Bg2 Nge7 8. Nb3
Bd7 9. O-O Nc8 10. Nd4 Be7 11. Nxc6 Bxc6 12. Be3 O-O 13. a4 Bf6 14. Bd4 Bxd4
15. Qxd4 Rb8 16. Rfd1 Qc7 17. Rd2 b5 18. axb5 axb5 19. Qb4 Qb6 20. Ra5 f5 21.
exf5 Rxf5 22. Bxc6 Qxc6 23. Ra1 Rc5 24. Qg4 Re5 25. Re2 Rxe2 26. Nxe2 Qc4 27.
Qg5 h6 28. Qd8+ Kh7 29. Nf4 e5 30. Nh5 Qf7 31. g4 Qe7 32. Qxe7 Nxe7 33. Ra7 Re8
34. Rb7 Kg6 35. Rxb5 Kg5 36. Rb7 Kg6 37. c4 Kf7 38. Ng3 Ke6 39. Nh5 Kf7 40. Kg2
g6 41. Ng3 Ke6 42. b3 Rc8 43. h4 d5 44. cxd5+ Nxd5 45. h5 Nf4+ 46. Kh2 gxh5 47.
Rb6+ Kd5 48. Nxh5 Ke4 49. Nxf4 Kxf4 50. Kh3 Kg5 51. f3 h5 52. gxh5 Kxh5 53. Kg3
Kg5 54. b4 Rc3 55. Kf2 Rb3 56. Rb8 Kf4 57. Rf8+ Kg5 58. Rg8+ Kf5 59. Rg4 Ke6
1/2-1/2